000 00401nam a2200157Ia 4500
005 20250316145526.0
008 240331s9999 xx 000 0 und d
082 _bJEY
_a894
100 _aJeyakanthan,
245 0 _aKohila enna seythuvidal
250 _a8th
260 _aMadurai
_bMeenakshi Puthaka Nilayam
_c1994
300 _a187 p .,
500 _aA Two Stories of Alone man issues
942 _cL
999 _c3754
_d3754